Shiksha monobigyan aru saikhik parisankhya (Record no. 2012)

MARC details
000 -LEADER
fixed length control field 00589cam a2200217ua 4500
001 - CONTROL NUMBER
control field 2146
005 - DATE AND TIME OF LATEST TRANSACTION
control field 20260515113442.0
008 - FIXED-LENGTH DATA ELEMENTS--GENERAL INFORMATION
fixed length control field 110803n ii |||gr||||Z||||||asm
020 ## - INTERNATIONAL STANDARD BOOK NUMBER
International Standard Book Number 81-7339-048-7
040 ## - CATALOGING SOURCE
Transcribing agency MAIN
082 ## - DEWEY DECIMAL CLASSIFICATION NUMBER
Classification number 370.15
100 ## - MAIN ENTRY--PERSONAL NAME
Personal name Thakur, Sabita,
Relator term Author.
245 1# - TITLE STATEMENT
Title Shiksha monobigyan aru saikhik parisankhya
Statement of responsibility, etc. by Sabita Thakur
250 ## - EDITION STATEMENT
Edition statement 1st.
260 ## - PUBLICATION, DISTRIBUTION, ETC.
Place of publication, distribution, etc. Dibrugarh:
Name of publisher, distributor, etc. Banalata,
Date of publication, distribution, etc. 2005.
300 ## - PHYSICAL DESCRIPTION
Extent 410p:
Dimensions 23cm.
653 ## - INDEX TERM--UNCONTROLLED
Uncontrolled term Education
653 ## - INDEX TERM--UNCONTROLLED
Uncontrolled term Shiksha monobigyan aru saikhik parisankhya
700 ## - ADDED ENTRY--PERSONAL NAME
Personal name Goswami, Rajani kanta,
Relator term Author.
942 ## - ADDED ENTRY ELEMENTS (KOHA)
Koha item type Books
Holdings
Withdrawn status Lost status Damaged status Not for loan Home library Current library Shelving location Date acquired Total checkouts Full call number Barcode Date last seen Copy number Price effective from Koha item type
        Naharkatiya College Library Naharkatiya College Library General stacks 09/19/2020   370.15 | GOS 17298 09/19/2020 1 09/19/2020 Books